Sports Quiz

Random Sports Quiz
Score 0/10 Timer 10:00
0 Plays Today
Doubles Player % Correct
59Todd Helton
69%
59Tris Speaker
58.7%
67Earl Webb
43.7%
60Charlie Gehringer
40.5%
64Joe Medwick
36.5%
63Hank Greenberg
34.9%
59Chuck Klein
32.5%
57Carlos Delgado
31%
62Paul Waner
26.2%
64George Burns
19.8%
Remove Ads.
Support Sporcle.
Get the best of Sporcle when you Go Orange. This ad-free experience offers more features, more stats, and more fun while also helping to support Sporcle. Thank you for becoming a member.

You're not logged in!

Compare scores with friends on all Sporcle quizzes.
OR
Log In

Show Comments

Extras

Top Quizzes Today


Score Distribution

Your Account Isn't Verified!

In order to create a playlist on Sporcle, you need to verify the email address you used during registration. Go to your Sporcle Settings to finish the process.

Report this User

Report this user for behavior that violates our Community Guidelines.

Details: